000
00277nam a22001337a 4500
008
170503b xxu||||| |||| 00| 0 eng d
020
_a
0814774652
041
_a
eng
080
_a
347
100
_a
13
101
_a
SHJ
245
_a
CIVOL LAW
_c
ROGOWSKI.R
942
_2
udc
_c
BK
999
_c
12535
_d
12535